| 000 | 00362nam a2200133Ia 4500 | ||
|---|---|---|---|
| 008 | 230917s9999||||xx |||||||||||||| ||und|| | ||
| 040 |
_e93555 _aMAIN |
||
| 041 | _aEnglish | ||
| 082 | _a677.02862 S58F | ||
| 100 | _aSarkar, Kalyan Kumar | ||
| 245 | 0 | _aEffect of pre-wetting and post-settingon the properties of air textured yarn | |
| 300 | _a37 p. | ||
| 942 | _cTH | ||
| 999 |
_c48031 _d48031 |
||